Łańcuch geograficzny - miasta - Statystyki

Ogólne statystyki
  • Ten quiz został rozwiązany 13 razy
  • Średni wynik to 11 z 20
Statystyki odpowiedzi
Wskazówka Odpowiedż % Poprawnych
polskie miasto w tytule piosenki Davida Bowie Warszawa
100%
nad Morzem Czarnym, skojarz z przydomkiem polskiego króla Warna
85%
miasto Zimowych Igrzysk Olimpijskich w 1998 roku Nagano
69%
europejska stolica nad rzeką Wardar Skopje
62%
z Jasną Górą Częstochowa
54%
w 1945 roku spotkali się tu Churchill, Roosevelt i Stalin Jałta
54%
byłe miasto wojewódzkie nad rzeką Bóbr Jelenia Góra
54%
czwarte najludniejsze miasto Japonii, stolica prefektury Aichi Nagoja
54%
miasto u podnóża Wezuwiusza Neapol
54%
największe miasto nad rzeką Ob Nowosybirsk
54%
trzecie najludniejsze miasto w woj. małopolskim Nowy Sącz
54%
stolica Togo Lome
46%
miasto z tenisowym turniejem Australian Open Melbourne
46%
w pobliżu Pustyni Błędowskiej, zwane Srebrnym Miastem Olkusz
46%
miasto Zimowych Igrzysk Olimpijskich w 1952 roku Oslo
46%
brazylijski port, w tutejszym klubie grali Pele i Neymar Santos
46%
miasto w woj. warmińsko-mazurskim, siedziba Akademii Policji Szczytno
38%
drugie największe miasto Estonii Tartu
38%
w V wieku była siedzibą cesarzy zachodniorzymskich Rawenna
31%
drugie największe miasto stanu Oklahoma Tulsa
31%
Nie znaleziono quizów pasujących do podanych kryteriów
Rozkład punktacji
Procent ludzi z każdym wynikiem
Percentyl według liczby udzielonych odpowiedzi
Twoja historia wyników
Nie rozwiązałeś tego quizu